Statistics for The troll quiz

Click here to take the quiz!

General Stats

  • This quiz has been taken 5 times
  • The average score is 5 of 12

Answer Stats

HintAnswer% Correct
A number between six and nine7
100%
Does this quiz make senseNo
100%
😈😈Angel
67%
The answer is cowCow
67%
😇😇Devil
67%
2+1=21
33%
2+2=22
33%
(Not dead)Dead
33%
Cat or dogCog
0%
Cat or dogDat
0%
Little but bigElephant
0%
1+1=Window
0%

Score Distribution

Percentile by Number Answered

Percent of People with Each Score

Your Score History

You have not taken this quiz